Capoluoghi di Provincia contenenti la lettera P - Statistics

Statistiche generali
  • Questo quiz è stato fatto 135 volte
  • Il punteggio medio è 16 su 19
Statistiche sulle risposte
Lunghezza in lettere Capoluogo % Corretto
7 Palermo
99%
4 Pisa
99%
7 Pistoia
91%
*9 Pordenone
91%
5 Parma
88%
5 Prato
88%
7 Pescara
87%
6 Padova
86%
7 Perugia
86%
8 Piacenza
86%
5 Pavia
84%
7 Potenza
83%
6 Pesaro
82%
12 Ascoli Piceno
78%
6 Napoli
75%
10 Campobasso
72%
7 Trapani
71%
7 Imperia
70%
8 La Spezia
68%
Nessun quiz corrispondente trovato
Distribuzione punteggi
Percentuale di utenti per punteggio
Percentile per numero di risposta
I tuoi punteggi nel tempo
Non hai fatto questo quiz